[Event "Teplice Open"]
[Site "Teplice CZE"]
[Date "2011.06.19"]
[Round "9"]
[White "Cernousek,L"]
[Black "Adamek,J"]
[Result "1/2-1/2"]
[WhiteElo "2418"]
[BlackElo "2275"]

1.d4 Nf6 2.c4 e6 3.g3 d5 4.Nf3 Be7 5.Bg2 O-O 6.O-O dxc4 7.Qa4 a6 8.Qxc4 b5
9.Qc2 Bb7 10.Bd2 Ra7 11.Rc1 Be4 12.Qb3 Nc6 13.e3 Qa8 14.Qd1 b4 15.Qf1 Rc8
16.Be1 a5 17.Nbd2 Bd5 18.Nc4 Nd7 19.Nfd2 Ncb8 20.e4 Bb7 21.Qe2 Bf6 22.Qe3 Ra6
23.Rc2 c5 24.Nb3 cxd4 25.Nxd4 Nc6 26.Nb5 Nce5 27.Rac1 Nxc4 28.Rxc4 Rxc4 29.Rxc4 Rc6
30.Rxc6 Bxc6 31.Nd4 Bb7 32.f3 Qa7 33.Bf2 Qc5 34.Bf1 Bd8 35.Qd2 Qd6 36.Nb3 Qxd2
37.Nxd2 Bf6 38.Nb3 Bxb2 39.Nxa5 Ba8 40.Nc4 Bc3 41.Nb6 Nxb6 42.Bxb6 Kf8 43.Bc5+ Ke8
44.Bb5+ Kd8 45.Bb6+ Ke7 46.Bc5+ Kd8 47.Bd6 f5 48.Bd3 fxe4 49.Bxe4 Bxe4 50.fxe4 Kd7
51.Bf8 Kc6 52.Kf2 Kb5 53.Ke3 Kc4 54.g4 Be5 55.h4 Kc3 56.h5 Kc4 57.Be7  1/2-1/2

[Event "4th Karen Asrian Memorial"]
[Site "Jermuk ARM"]
[Date "2011.06.20"]
[Round "5"]
[White "Ulibin,M"]
[Black "Shanava,K"]
[Result "0-1"]
[WhiteElo "2532"]
[BlackElo "2539"]

1.d4 d5 2.c4 e6 3.Nf3 Nf6 4.g3 Be7 5.Bg2 O-O 6.O-O dxc4 7.Qc2 b5 8.a4 b4
9.Ne5 Qxd4 10.Bxa8 Qxe5 11.Bf3 Ba6 12.Bf4 Qc5 13.Be3 Qa5 14.Nd2 b3 15.Qc1 Qb4
16.Nb1 Nd5 17.Bd2 Qc5 18.Nc3 Nc6 19.e3 Ne5 20.Be2 Nb4 21.e4 Ned3 22.Bxd3 Nxd3
23.Be3 Qa5 24.Qd2 Bb4 25.Rac1 f5 26.exf5 Qxf5 27.f4 Bb7 28.Rf2 Bxc3 29.Rxc3 Qe4
30.Kf1 Rd8 31.Ke2 Rd6  0-1

[Event "4th Karen Asrian Memorial"]
[Site "Jermuk ARM"]
[Date "2011.06.20"]
[Round "5"]
[White "Aghasaryan,R"]
[Black "Maghalashvili,Da"]
[Result "1/2-1/2"]
[WhiteElo "2330"]
[BlackElo "2469"]

1.d4 d5 2.c4 e6 3.Nf3 Nf6 4.g3 Be7 5.Bg2 O-O 6.O-O dxc4 7.Qc2 b5 8.a4 b4
9.Nbd2 Bb7 10.Nxc4 Be4 11.Qd1 c5 12.dxc5 Nbd7 13.Nfe5 Bxg2 14.Kxg2 Qc7 15.Nxd7 Nxd7
16.Be3 Bxc5  1/2-1/2

[Event "Baltija Cup Open A"]
[Site "Palanga LTU"]
[Date "2011.06.20"]
[Round "2.1"]
[White "Krivonosov,O"]
[Black "Borisovs,L"]
[Result "1-0"]
[WhiteElo "2440"]
[BlackElo "2046"]

1.Nf3 d5 2.d4 Nf6 3.c4 e6 4.g3 Be7 5.Bg2 O-O 6.O-O dxc4 7.Qa4 a6 8.Qxc4 b5
9.Qc2 Bb7 10.Bg5 Nbd7 11.Bxf6 Nxf6 12.Nbd2 Rc8 13.Nb3 Be4 14.Qc3 Nd5 15.Qd2 c5
16.dxc5 Bxc5 17.Nxc5 Rxc5 18.Rfc1 Rxc1+ 19.Rxc1 Qb8 20.Qd4 Nf6 21.Ne5 Bxg2
22.Kxg2 Rd8 23.Qc5 Nd7 24.Nxd7 Rxd7 25.Qc8+ Rd8 26.Qxa6 g6 27.h4 Qe5 28.Rc8 Qe4+
29.Kh2 Rxc8 30.Qxc8+ Kg7 31.Qc3+ Kg8 32.Qd3 Qe5 33.Qd2 h5 34.a3 Qc5 35.Kg2 e5
36.Qd3 b4 37.axb4 Qxb4 38.b3 Kg7 39.f3 f5 40.Qc4 Qe7 41.b4 f4 42.b5 fxg3
43.Kxg3 g5 44.b6 gxh4+ 45.Qxh4 Qf7 46.Qg5+ Kh7 47.Kh4 Qc4+ 48.e4 Qb3 49.Qxh5+ Kg8
50.Qg6+ Kf8 51.Qf6+ Kg8 52.Kg4 Qb2 53.Kf5 Kh7 54.Qe7+ Kh6 55.Qxe5  1-0

[Event "64th ch-RUS HL"]
[Site "Taganrog RUS"]
[Date "2011.06.20"]
[Round "6"]
[White "Evdokimov,Alexa"]
[Black "Musalov,R"]
[Result "1-0"]
[WhiteElo "2561"]
[BlackElo "2399"]

1.d4 d5 2.c4 e6 3.Nf3 Nf6 4.g3 Be7 5.Bg2 c5 6.cxd5 exd5 7.O-O O-O 8.dxc5 Bxc5
9.a3 a5 10.Qc2 Bb6 11.Nc3 Nc6 12.Bg5 Be6 13.Rad1 Rc8 14.Qb1 d4 15.Ne4 Bb3
16.Rc1 Re8 17.Nfd2 Bd5 18.Bh4 h6 19.Nxf6+ gxf6 20.Qf5 Bxg2 21.Kxg2 Re6 22.Ne4 Kg7
23.Nxf6 Rxf6 24.Bxf6+ Qxf6 25.Qxc8 Qe7 26.Rxc6  1-0

[Event "Baltija Cup Open A"]
[Site "Palanga LTU"]
[Date "2011.06.21"]
[Round "5.4"]
[White "Sarakauskas,G"]
[Black "Kalvaitis,S"]
[Result "1/2-1/2"]
[WhiteElo "2421"]
[BlackElo "2310"]

1.Nf3 Nf6 2.c4 e6 3.g3 d5 4.d4 Be7 5.Bg2 O-O 6.O-O dxc4 7.Qa4 a6 8.Qxc4 b5
9.Qc2 Bb7 10.Bf4 Nc6 11.Nc3 Nb4 12.Qc1 Ra7 13.a4 bxa4 14.Nxa4 Bd5 15.Nc5 Qa8
16.Ra4 a5 17.Bd2 Rb8 18.Bxb4 Rxb4 19.Rxb4 axb4 20.Qd2 Bxc5 21.dxc5 b3 22.Rd1 Ne4
23.Qc1 h6 24.Nd4 Nxc5 25.Bxd5 Qxd5 26.Nb5 Nd3 27.Nxa7 Nxc1 28.Rxd5 exd5 29.Kf1 Na2
30.Nc6 Nc3 31.Ke1 Kf8 32.Kd2 Na4 33.Kc1 Ke8 34.Nd4 Nc5 35.f3 Kd7 36.Kd2 Na4
37.Kc1 Nc5 38.Kd2 Na4  1/2-1/2

[Event "Baltija Cup Open A"]
[Site "Palanga LTU"]
[Date "2011.06.22"]
[Round "7.6"]
[White "Vanagas,T"]
[Black "Putka,V"]
[Result "1/2-1/2"]
[WhiteElo "2049"]
[BlackElo "2297"]

1.d4 Nf6 2.c4 e6 3.g3 d5 4.Bg2 Be7 5.Nf3 O-O 6.O-O dxc4 7.Qc2 c6 8.Qxc4 b5
9.Qc2 Bb7 10.Nbd2 Nbd7 11.Nb3 Qb6 12.Bd2 Rac8 13.Na5 c5 14.Nxb7 Qxb7 15.Qb3 c4
16.Qc2 b4 17.Ne5 Qb5 18.Nxd7 Qxd7 19.Rad1 a5 20.e4 Qb5 21.Rfe1 b3 22.Qb1 Bb4
23.Bxb4 bxa2 24.Qxa2 axb4 25.Bf1 b3 26.Qb1 Rfd8 27.Qc1 Qb7 28.Qe3 Qa7 29.Qc3 Nd7
30.Ra1 Qb7 31.Ra4 Nb6 32.Rb4 Qc6 33.Ra1 Ra8 34.Rxa8 Rxa8 35.Rxb3 h5 36.Rb4 h4
37.b3 Ra3 38.Qc1 Ra2 39.bxc4 Nd7 40.Rb2  1/2-1/2

[Event "64th ch-RUS HL"]
[Site "Taganrog RUS"]
[Date "2011.06.22"]
[Round "7"]
[White "Polschikov,A"]
[Black "Shukh,N"]
[Result "1-0"]
[WhiteElo "2395"]
[BlackElo "2438"]

1.Nf3 d5 2.d4 Nf6 3.c4 e6 4.g3 Be7 5.Bg2 O-O 6.O-O dxc4 7.Qc2 a6 8.a4 Bd7
9.Qxc4 Bc6 10.Bg5 a5 11.Nc3 Na6 12.Bxf6 Bxf6 13.e4 Nb4 14.Rfd1 g6 15.h4 Rc8
16.h5 b6 17.hxg6 hxg6 18.Nh2 Bg7 19.e5 Bxg2 20.Kxg2 c5 21.d5 Bxe5 22.dxe6 Qe7
23.Ng4 Bg7 24.exf7+ Qxf7 25.Qxf7+ Rxf7 26.Rd6 Rc6 27.Rad1 Rb7 28.Rd8+ Kf7
29.Ne4 Ke7 30.Rg8 Bxb2 31.Rdd8 Ke6 32.Rxg6+ Ke7 33.Rgg8 c4 34.f4 Ke6 35.Ng5+  1-0

[Event "49th National Challengers ch-IND"]
[Site "Aurangabad IND"]
[Date "2011.06.24"]
[Round "11"]
[White "Babu,NS"]
[Black "Anurag,M"]
[Result "1-0"]
[WhiteElo "2317"]
[BlackElo "2198"]

1.d4 Nf6 2.c4 e6 3.g3 d5 4.Nf3 Be7 5.Bg2 O-O 6.O-O b6 7.Nc3 Bb7 8.cxd5 exd5
9.Bf4 c6 10.Re1 Re8 11.Qc2 Nbd7 12.Rad1 Nf8 13.Ne5 Bd6 14.e4 Ne6 15.Qd2 Nxf4
16.Qxf4 Re7 17.Qf5 Bc8 18.Qg5 h6 19.Nxc6 hxg5 20.Nxd8 Bg4 21.Nc6 Bxd1 22.Nxe7+ Bxe7
23.exd5 Bb4 24.Rxd1 Rd8 25.Rd3 Kf8 26.Kf1 g6 27.Ke2 Ng4 28.h3 Re8+ 29.Kf1 Nf6
30.a3 Bd6 31.Nb5 Bb8 32.Rc3 Rd8 33.Rc6 Ne8 34.Rc2 Nd6 35.Nc3 Nf5 36.Ne4 Nxd4
37.Rc4 Nf5 38.Rc1 Be5 39.Nxg5 Bxb2 40.Rc7 Ne7 41.Rxa7 b5 42.h4 Bd4 43.Rb7 Bc5
44.Rxb5 Bxa3 45.Be4 Bd6 46.Bd3 Ba3 47.Be4 Bd6 48.Kg2 Ra8 49.Bb1 Be5 50.Nf3 Bc7
51.Nd2 Rd8 52.Ba2 Nf5 53.Rb7 Ba5 54.Nc4 Nd6 55.Nxa5 Ra8 56.Rb6 Rxa5 57.Rxd6 Ke7
58.Rb6 Rxa2 59.Rb7+ Kf6 60.g4 Rd2 61.Rd7 Rd4 62.f3 Ke5 63.Rxf7 Rxd5 64.Kg3 Rd1
65.g5 Rg1+ 66.Kh2 Ra1 67.Rf6 Ra4 68.Kg3 Ra1 69.Rxg6 Rg1+ 70.Kh2 Rf1  1-0

[Event "HSG Open"]
[Site "Hilversum NED"]
[Date "2011.06.24"]
[Round "1"]
[White "Cheung,J"]
[Black "Klein,Da"]
[Result "0-1"]
[WhiteElo "2031"]
[BlackElo "2359"]

1.d4 Nf6 2.c4 e6 3.Nf3 d5 4.g3 Be7 5.Bg2 O-O 6.O-O dxc4 7.Qc2 b5 8.a4 b4
9.Rd1 Ba6 10.Bf4 Nd5 11.Ne5 Bd6 12.Nxc4 Bxf4 13.gxf4 Nd7 14.e3 Qe7 15.Ne5 Nxe5
16.fxe5 c5 17.dxc5 Rac8 18.Rc1 Qg5 19.f4 Qg4 20.Qf2 f6 21.exf6 Rxf6 22.Nd2 Rg6
23.Kh1 Nxe3 24.Be4 Nf5 25.Rg1 Qh3 26.Rxg6 hxg6 27.Rg1 Bd3 28.Rxg6 Bxe4+ 29.Nxe4 Qd3
30.Ng3 Ne3 31.Rxe6 Qd1+ 32.Nf1 Nxf1 33.Re1 Qd5+ 34.Kg1 Nd2 35.Re2 Nf3+ 36.Kf1 Nd4  0-1

[Event "4th Karen Asrian Memorial"]
[Site "Jermuk ARM"]
[Date "2011.06.24"]
[Round "9"]
[White "Ulibin,M"]
[Black "Maghalashvili,Da"]
[Result "1-0"]
[WhiteElo "2532"]
[BlackElo "2469"]

1.d4 d5 2.c4 e6 3.Nf3 Nf6 4.g3 Be7 5.Bg2 O-O 6.Nc3 dxc4 7.O-O Nc6 8.e3 Bd6
9.Qa4 e5 10.d5 Nb4 11.Nxe5 a6 12.f4 Re8 13.a3 Nbxd5 14.Nxd5 Bxe5 15.fxe5 Ng4
16.Qxc4 c6 17.Nb6  1-0

[Event "4th Sveins Memorial"]
[Site "Oslo NOR"]
[Date "2011.06.24"]
[Round "2"]
[White "Mihajlov,S"]
[Black "Smith,Ax"]
[Result "1/2-1/2"]
[WhiteElo "2084"]
[BlackElo "2450"]

1.d4 Nf6 2.c4 e6 3.Nf3 d5 4.g3 Be7 5.Bg2 O-O 6.Qc2 c5 7.dxc5 Qa5+ 8.Nc3 dxc4
9.Nd2 Qxc5 10.Na4 Qc7 11.O-O Nd5 12.Qxc4 Qxc4 13.Nxc4 Bd7 14.e4 Bxa4 15.exd5 exd5
16.Bxd5 Bc6 17.Bg2 Rc8 18.b3 b5 19.Ne3 Rd8 20.Bb2 Bxg2 21.Kxg2 Rd2 22.Bc3 Rd3
23.Bb2 Na6 24.Rfd1 Rad8 25.Rxd3 Rxd3 26.Rd1 Rxd1 27.Nxd1 Kf8 28.Kf3 Nb4 29.a4 bxa4
30.bxa4 Bc5 31.Ke4 g6 32.Bf6 Ke8 33.g4 Kd7 34.f4 Ke6 35.g5 Nd5 36.Be5 Bg1
37.h3 Bh2 38.Nb2 Nb6 39.Bb8 a6 40.Bc7 Nd7 41.Nd3 Bg1 42.Be5 Nb6 43.Nb2 Nd5
44.Nc4 Bc5 45.Bb2 Ba7 46.Be5 Bg1 47.Nb2 Bc5 48.Nd3 Ba3 49.Bd4 Bd6 50.Bb2 Nb6
51.a5 Nd5 52.Be5 Bf8 53.Bd4 Bd6 54.Be5 Be7 55.Bd4 Ba3 56.Bc5 Nc3+ 57.Kf3 Nb5
58.Bxa3 Nxa3 59.Nc5+ Kd6 60.Nxa6 Nc4 61.Nb4 Nxa5 62.Ke4 Ke6 63.Nd5 Nb7 64.Nc7+ Kd7
65.Nd5 Ke6 66.Nc7+ Kd6 67.Nb5+ Ke7 68.Nd4 Nc5+ 69.Kf3 f6 70.f5 fxg5 71.fxg6 hxg6
72.Kg4 Kf6 73.Nf3 Ne4 74.h4 gxh4 75.Nxh4 g5 76.Nf3 Kg6 77.Nxg5 Nxg5  1/2-1/2

[Event "19th Albena Open"]
[Site "Albena BUL"]
[Date "2011.06.25"]
[Round "1.22"]
[White "Akesson,R"]
[Black "Stojkovska,M"]
[Result "1-0"]
[WhiteElo "2451"]
[BlackElo "1900"]

1.d4 Nf6 2.c4 e6 3.g3 d5 4.Nf3 Be7 5.Bg2 O-O 6.O-O c6 7.Qc2 Re8 8.Nbd2 Nbd7
9.e4 Nf8 10.b3 Qb6 11.Bb2 Ng6 12.Rad1 a5 13.a3 Nxe4 14.c5 Nxc5 15.dxc5 Bxc5
16.Rc1 Bd6 17.Rfd1 Bb8 18.h4 e5 19.h5 Nf8 20.h6 Ng6 21.Re1 Bg4 22.hxg7 Bd6
23.Nh2 Be6 24.Qd1 e4 25.Nxe4 dxe4 26.Qxd6 Qxb3 27.Bf6 Bd5 28.Ng4  1-0

[Event "49th National Challengers ch-IND"]
[Site "Aurangabad IND"]
[Date "2011.06.25"]
[Round "12"]
[White "Gagare,Shar"]
[Black "Singh,DP"]
[Result "1-0"]
[WhiteElo "2212"]
[BlackElo "2327"]

1.c4 e6 2.g3 d5 3.Nf3 Nf6 4.d4 Be7 5.Bg2 O-O 6.O-O c6 7.Qc2 b6 8.b3 Bb7 9.Nc3 Nbd7
10.Rd1 Rc8 11.e4 dxe4 12.Nxe4 Nxe4 13.Qxe4 a5 14.h4 a4 15.Bf4 Nf6 16.Qe2 Bd6
17.Ne5 h6 18.bxa4 Qe7 19.Rab1 c5 20.Rxb6 Bxg2 21.Kxg2 Bc7 22.Nc6 Qe8 23.Bxc7 Rxc7
24.d5 Qa8 25.Qf3 Qxa4 26.d6 Rd7 27.Qb3 Qa8 28.f3 Kh7 29.a4 Rc8 30.Qb5 g5
31.hxg5 hxg5 32.Ra6 Qb7 33.g4 Kg7 34.Ne5 Rh8 35.Rc6 Qa8 36.Nxd7 Nxd7 37.Rxc5 Rh2+
38.Kxh2 Qxf3 39.Rxg5+ Kf8 40.Qb2 Qf4+  1-0

[Event "35th ch-Gleisdorf"]
[Site "Gleisdorf AUT"]
[Date "2011.06.25"]
[Round "3"]
[White "Schachinger,M"]
[Black "Almer,G"]
[Result "1/2-1/2"]
[WhiteElo "2357"]
[BlackElo "2116"]

1.Nf3 d5 2.d4 Nf6 3.c4 e6 4.g3 Be7 5.Bg2 O-O 6.O-O b6 7.Nc3 Bb7 8.Ne5 Qc8
9.cxd5 exd5 10.Bg5 c6 11.Rc1 Qe6 12.Qb3 Nbd7 13.Nd3 Qf5 14.Bf4 Rfe8 15.Rfe1 Bf8
16.Ne5 Nxe5 17.dxe5 Ng4 18.e4 Qh5 19.h3 Nxe5 20.g4 Nxg4 21.hxg4 Qxg4 22.Bg3 d4
23.Ne2 Rad8 24.Nf4 Bd6 25.Qf3 Qxf3 26.Bxf3 c5  1/2-1/2

[Event "AAI GM"]
[Site "New Delhi IND"]
[Date "2011.06.25"]
[Round "4"]
[White "Sasikiran,K"]
[Black "Hou Yifan"]
[Result "1-0"]
[WhiteElo "2676"]
[BlackElo "2612"]

1.d4 d5 2.Nf3 Nf6 3.c4 e6 4.g3 Be7 5.Bg2 O-O 6.O-O dxc4 7.Qc2 a6 8.a4 Bd7
9.Qxc4 Bc6 10.Bf4 a5 11.Nc3 Na6 12.Rac1 h6 13.Rfe1 Bd6 14.Bd2 Bb4 15.e3 Ne4
16.Red1 Bd5 17.Qe2 Nxd2 18.Nxd2 Bxg2 19.Kxg2 Qe7 20.Nc4 Rad8 21.Na2 c6 22.b3 Rd5
23.e4 Rdd8 24.Nxb4 Qxb4 25.Rd3 Rd7 26.Qd2 Rfd8 27.Rd1 Nc5 28.Re3 Qxd2 29.Rxd2 Rxd4
30.Rxd4 Rxd4 31.Nxa5 Kf8 32.e5 Rd5 33.b4 Nxa4 34.Nxb7 Rb5 35.Nd8 Rxb4 36.Rf3 Nc5
37.Rxf7+ Ke8 38.Nxc6 Kxf7 39.Nxb4 g5 40.Kf3 Kg6 41.Nc6 h5 42.h3 Kf7 43.g4 hxg4+
44.hxg4 Kg6 45.Ke3 Kf7 46.Na5 Na6 47.Nc4 Nb4 48.Nd2 Kg6 49.Ke4 Kh6 50.Nf3 Nd5
51.Kd4 Kg6 52.Ne1 Kf7 53.Nf3 Kg6 54.Kc5 Nf4 55.Kd6 Nd3 56.Kxe6 Nxf2 57.Nh2 Nd3
58.Nf1 Nf4+ 59.Ke7 Kg7 60.Ne3 Ng6+ 61.Kd6 Kf8 62.Nd5 Kf7 63.e6+ Kf8 64.Nf6 Ne7
65.Kd7 Ng6 66.Kd8  1-0

[Event "7th A Ermaka Memorial"]
[Site "Zaporizhzhia UKR"]
[Date "2011.06.25"]
[Round "1.2"]
[White "Matjushin,G"]
[Black "Solovyev,A"]
[Result "0-1"]
[WhiteElo "2477"]
[BlackElo "2120"]

1.c4 e6 2.Nf3 Nf6 3.g3 d5 4.Bg2 Be7 5.d4 O-O 6.Qc2 Nbd7 7.O-O c6 8.Nbd2 b6
9.e4 dxe4 10.Nxe4 Bb7 11.Rd1 Qc8 12.Nxf6+ Nxf6 13.c5 b5 14.a4 a5 15.Bd2 b4
16.Ne5 Nd5 17.Be4 h6 18.Re1 Ba6 19.Qb3 Qb7 20.Rad1 Rad8 21.Bc1 f5 22.Bg2 Bf6
23.Ng6 Rfe8 24.h4 Kh7 25.h5 Qf7 26.Qf3 Bc8 27.Bf1 Kg8 28.Bc4 Kh7 29.Kh2 Kg8
30.Rg1 Kh7 31.Ne5 Bxe5 32.dxe5 Rf8 33.Kh1 Qe7 34.Be3 Bd7 35.Rd4 Be8 36.Rh4 Kh8
37.Rh2 Bf7 38.Bd4 Bg8 39.Rh4 Qg5 40.Qe2 f4 41.Bd3 Ne7 42.Rxf4 Rxf4 43.Be3 Qg4
44.Qf1 Rxd3 45.Bxf4 Rd1 46.Qg2 Qxh5+ 47.Qh2 Rxg1+ 48.Kxg1 Qd1+ 49.Kg2 Bh7  0-1

[Event "19th Albena Open"]
[Site "Albena BUL"]
[Date "2011.06.26"]
[Round "2.11"]
[White "Szabo,G ROM"]
[Black "Musaev,E"]
[Result "1-0"]
[WhiteElo "2545"]
[BlackElo "2155"]

1.d4 Nf6 2.c4 e6 3.g3 d5 4.Nf3 Be7 5.Bg2 O-O 6.O-O dxc4 7.Qc2 a6 8.a4 a5
9.Qxc4 Na6 10.Bf4 c6 11.Nc3 Nb4 12.Ne5 Nfd5 13.Rad1 Nxf4 14.gxf4 Nd5 15.e3 Bd7
16.f5 Bc8 17.fxe6 Bxe6 18.Nxd5 Bxd5 19.Bxd5 cxd5 20.Qb5 Ra6 21.Qxb7 Rb6 22.Qd7 Bd6
23.Qxd8 Rxd8 24.Nd3 Rc8 25.Rd2 Rc4 26.Ra1 f6 27.h3 Kf7 28.Kf1 g5 29.Rdd1 Rb3
30.Ke2 Rc2+ 31.Rd2 Rc4 32.Nc1 Rb7 33.Kd1 Kg6 34.b3 Rcc7 35.Rd3 Kh5 36.Ne2 Kh4
37.Rb1 Kxh3 38.Nc3 Kg2 39.Nxd5 Kxf2 40.Rb2+ Kf3 41.Nxf6 Bg3 42.e4+ Kf4 43.Ke2  1-0

[Event "Mukachevo Summer"]
[Site "Mukachevo UKR"]
[Date "2011.06.26"]
[Round "9"]
[White "Grinev,V"]
[Black "Grekh,A"]
[Result "0-1"]
[WhiteElo "2379"]
[BlackElo "2369"]

1.d4 Nf6 2.c4 e6 3.g3 d5 4.Nf3 Be7 5.Bg2 O-O 6.O-O c6 7.b3 Ne4 8.Nfd2 f5
9.Nxe4 fxe4 10.Ba3 Nd7 11.f3 exf3 12.exf3 dxc4 13.Bxe7 Qxe7 14.bxc4 Nb6 15.c5 Nd5
16.Re1 b6 17.cxb6 axb6 18.Qd2 Ra4 19.f4 Qb4 20.Qxb4 Rxb4 21.Nd2 Rxd4 22.Nf3 Ra4
23.Ng5 Re8 24.Rac1 Bd7 25.Nxe6 Rxa2 26.Bxd5 cxd5 27.Nc7 Rxe1+ 28.Rxe1 d4
29.Rd1 Bh3 30.Nd5 Rg2+ 31.Kh1 Rb2 32.Kg1 Rg2+ 33.Kh1 Rf2 34.Kg1 Rf3 35.Nxb6 d3
36.Nc4 d2 37.Ra1 Rd3 38.Rd1 Be6 39.Ne5 Bb3 40.Nxd3 Bxd1 41.Nb2 Bc2 42.Kf2 d1=Q
43.Nxd1 Bxd1 44.h3 h5 45.Ke3 Kf7 46.f5 h4 47.g4 g5  0-1

[Event "TCh-SUI 2011"]
[Site "Switzerland SUI"]
[Date "2011.06.26"]
[Round "5.3"]
[White "Vuilleumier,A"]
[Black "Ekstroem,R"]
[Result "1-0"]
[WhiteElo "2364"]
[BlackElo "2490"]

1.d4 Nf6 2.c4 e6 3.g3 d5 4.Nf3 Be7 5.Bg2 O-O 6.O-O dxc4 7.Qc2 a6 8.a4 Bd7
9.Qxc4 Bc6 10.Nc3 b5 11.Qd3 b4 12.Nb1 Be4 13.Qd1 c5 14.Nbd2 Bb7 15.Nc4 Nbd7
16.Bf4 cxd4 17.Nxd4 Bxg2 18.Kxg2 Qc8 19.Rc1 Qb7+ 20.f3 Rac8 21.Qd2 Rc5 22.Nd6 Qb6
23.a5 Qxa5 24.Nb7 Qb6 25.Nxc5 Nxc5 26.Be3 h6 27.Bf2 Qb7 28.Rc4 a5 29.Nf5 exf5
30.Bxc5 Re8 31.Bxe7 Qxe7 32.Kf2 Qe5 33.Rfc1 Qb5 34.Rc8 Rxc8 35.Rxc8+ Kh7
36.Qd4 Kg6 37.Rc5 Qb6 38.Qe5 Kh7 39.Qc7 Qe6 40.Qe5 Qb6 41.Qc7 Qe6 42.Rxa5 f4
43.gxf4 Qh3 44.Kg1 Qh4 45.Qc2+ g6 46.Qd2 Nh5 47.Ra7 Kg7 48.Qxb4 g5 49.Qd4+ Kh7
50.Qe4+ Kg7 51.Qe5+  1-0

[Event "ch-Commonwealth RSA-Open"]
[Site "Ekurhuleni RSA"]
[Date "2011.06.28"]
[Round "6"]
[White "Ovcina,D"]
[Black "Peretz,Leon"]
[Result "1-0"]
[WhiteElo "2248"]
[BlackElo "1897"]

1.d4 d5 2.c4 e6 3.g3 Nf6 4.Bg2 Be7 5.Nf3 O-O 6.O-O b6 7.Nc3 Bb7 8.Ne5 Nbd7
9.Bf4 c5 10.cxd5 Nxd5 11.Nxd5 exd5 12.Qa4 Nxe5 13.Bxe5 f6 14.Bf4 Bd6 15.dxc5 Bxc5
16.b4 Bd6 17.Bxd6 Qxd6 18.Rfd1 Qe6 19.e3 Rf7 20.Rd4 f5 21.Rad1 Rd8 22.Qb3 Rfd7
23.Bh3 Qf7 24.e4 Re7 25.exd5 Ree8 26.Qb1 Re7 27.a3 a6 28.Bf1 Re4 29.Bc4 Qf6
30.Rxe4 fxe4 31.Qb3 Qf3 32.Re1 Qxb3 33.Bxb3  1-0

[Event "TCh-TUR 2011"]
[Site "Konya TUR"]
[Date "2011.06.28"]
[Round "1"]
[White "Shimanov,A"]
[Black "Komut,B"]
[Result "1/2-1/2"]
[WhiteElo "2583"]
[BlackElo "1980"]

1.Nf3 d5 2.d4 Nf6 3.c4 e6 4.g3 Be7 5.Bg2 O-O 6.O-O dxc4 7.Qc2 a6 8.a4 Bd7
9.Nc3 c5 10.dxc5 Bc6 11.e4 Qd3 12.Qxd3 cxd3 13.Ne5 Bxc5 14.Nxd3 Bd4 15.Nb4 Bxc3
16.Nxc6 Nxc6 17.bxc3 Rfd8 18.Be3 Rd3 19.Rfc1 Ng4 20.Bf1 Rd7 21.Bb6 Kf8 22.f4 e5
23.Rd1 Nf6 24.Bg2 Rc8 25.Rab1 h5 26.Bc5+ Ke8 27.Rxd7 Nxd7 28.Bd6 Nd8 29.Rb3 Rc6
30.Bb4 Nc5 31.Ra3 Nde6 32.fxe5 Nd3 33.Ra1 Nxe5 34.Rd1 Rc4 35.Bf1 Rc7 36.Rd5 f6
37.Be2 g6 38.Bd1 Ng5 39.Bc2 Rc4 40.Rd6 Rc6 41.Rd1 Rc4 42.Rd6 Rc6 43.h4 Rxd6
44.Bxd6 Ngf3+ 45.Kf2 Nd2 46.Ke2 Ndc4 47.Bc5 Kd7 48.Bb3 b6 49.Bd4 b5 50.Bc5 Ke6
51.Bc2 Nd7 52.Bd4 Kd6 53.axb5 axb5 54.Kd1 Nde5 55.Kc1 Kc6 56.Bb3 Kd6 57.Bd1 Ke6
58.Bc2 Nc6 59.Bb3 Ne5 60.Kb1 f5 61.exf5+ Kxf5 62.Bd1 Ke4 63.Ka2 Ne3 64.Bb3 N3c4
65.Bd1 Ne3 66.Bb3 N3c4 67.Bd1  1/2-1/2

[Event "AAI GM"]
[Site "New Delhi IND"]
[Date "2011.06.28"]
[Round "6"]
[White "Laznicka,V"]
[Black "Hou Yifan"]
[Result "1/2-1/2"]
[WhiteElo "2681"]
[BlackElo "2612"]

1.d4 e6 2.c4 Nf6 3.g3 d5 4.Nf3 Be7 5.Bg2 O-O 6.O-O dxc4 7.Qc2 a6 8.Qxc4 b5
9.Qc2 Bb7 10.Bd2 Be4 11.Qc1 Bb7 12.Bf4 Nd5 13.Nc3 Nxf4 14.Qxf4 Nd7 15.Rfd1 Bd6
16.Qe3 Nb6 17.Ne1 Bxg2 18.Kxg2 Qe7 19.Nd3 Nc4 20.Qf3 c5 21.dxc5 Bxc5 22.Nxc5 Qxc5
23.Ne4 Qe7 24.b3 Nb6 25.Rac1 Nd5 26.Nc5 Rac8 27.Nxa6 Rxc1 28.Rxc1 Qa3 29.Rc6 Ne7
30.Rc7 Nd5 31.Rc6 Ne7 32.Rc7  1/2-1/2

[Event "ch-UAE"]
[Site "Abu Dhabi UAE"]
[Date "2011.06.29"]
[Round "5"]
[White "Esa,A H Almarazeeq"]
[Black "Abdulla,Al-Hamed,U16"]
[Result "1-0"]
[WhiteElo "1786"]
[BlackElo "1785"]

1.d4 d5 2.c4 e6 3.Nf3 Be7 4.g3 Nf6 5.Bg2 c6 6.b3 O-O 7.O-O Nbd7 8.Qc2 h6
9.Re1 Re8 10.Nc3 Nf8 11.e4 Ng6 12.e5 Nd7 13.h4 c5 14.h5 Ngf8 15.dxc5 dxc4
16.Ne4 cxb3 17.axb3 Qc7 18.Nd6 Bxd6 19.exd6 Qxc5 20.Qxc5 Nxc5 21.Nd4 Rd8
22.b4 Na6 23.Rxa6  1-0

[Event "TCh-TUR 2011"]
[Site "Konya TUR"]
[Date "2011.06.29"]
[Round "2"]
[White "Khotenashvili,B"]
[Black "Melia,S"]
[Result "1-0"]
[WhiteElo "2470"]
[BlackElo "2444"]

1.Nf3 d5 2.c4 e6 3.g3 Nf6 4.Bg2 Be7 5.d4 O-O 6.O-O dxc4 7.Qc2 a6 8.a4 Bd7
9.Qxc4 Bc6 10.Bf4 a5 11.Nc3 Na6 12.Ne5 Bxg2 13.Kxg2 Nd5 14.Rad1 Nab4 15.Bd2 Nb6
16.Qb3 Bd6 17.Nf3 Qe7 18.e4 c5 19.e5 Bb8 20.Bg5 Qe8 21.dxc5 Nd7 22.Rfe1 Nxc5
23.Qc4 Ba7 24.Nb5 Bb6 25.Qg4 f5 26.exf6 Nbd3 27.Rxd3 Nxd3 28.Rxe6 Qd7 29.Qc4 Rac8
30.Rc6+ Kh8 31.fxg7+ Kxg7 32.Qc3+ Kg8 33.Qb3+ Kg7 34.Bh6+ Kh8 35.Qc3+ Kg8
36.Qb3+ Kh8 37.Rxb6 Rxf3 38.Kxf3 Qf5+ 39.Bf4 Nxf4 40.Nd6 Qh5+ 41.g4 Qh3+
42.Kxf4 Qxh2+ 43.Qg3 Qh6+ 44.Ke4 Qg6+ 45.Kd4 Re8 46.Qf4 Kg8 47.Rb5  1-0

[Event "ch-UAE"]
[Site "Abu Dhabi UAE"]
[Date "2011.06.30"]
[Round "6"]
[White "Ali,Ab"]
[Black "Al Kaabi,A"]
[Result "0-1"]
[WhiteElo "2072"]
[BlackElo "1904"]

1.d4 Nf6 2.c4 e6 3.Nf3 d5 4.g3 Be7 5.Bg2 O-O 6.O-O b6 7.Qc2 Bb7 8.Bf4 Na6
9.Ne5 c5 10.dxc5 Bxc5 11.Nc3 Qe7 12.Bg5 Rad8 13.Ng4 Kh8 14.e4 Nb4 15.Qb1 dxe4
16.a3 Nd3 17.Nxe4 Bd4 18.Rd1 Bxe4 19.Bxe4 Nxf2 20.Nxf2 Bxf2+ 21.Kg2 h6 22.Bxf6 Qxf6
23.Qc2  0-1

[Event "TCh-TUR 2011"]
[Site "Konya TUR"]
[Date "2011.06.30"]
[Round "3"]
[White "Ibrahimov,R"]
[Black "Karakehajov,K"]
[Result "1-0"]
[WhiteElo "2532"]
[BlackElo "2493"]

1.Nf3 d5 2.d4 e6 3.g3 Nf6 4.Bg2 Be7 5.c4 O-O 6.O-O c6 7.Qc2 Nbd7 8.Nbd2 b6
9.e4 Bb7 10.e5 Ne8 11.cxd5 cxd5 12.Re1 Ba6 13.Nf1 Rc8 14.Qd1 Nb8 15.a3 Nc6
16.Ne3 Na5 17.b3 Nc7 18.Bd2 Nb5 19.Bf1 Nc7 20.Bxa6 Nxa6 21.Qe2 Nc7 22.Qd3 Nc6
23.Kg2 a6 24.h4 f5 25.exf6 gxf6 26.Ng4 Kh8 27.Bf4 Bd6 28.Nxf6 Rxf6 29.Ng5 Qg8
30.Bxd6 Nb5 31.Be5 Nxe5 32.dxe5 Rf5 33.a4 Nc7 34.Rac1 h6 35.Nh3 Qg7 36.Qd4 b5
37.axb5 axb5 38.Rc6 Rg8 39.Rec1 Rf7 40.Qc5 d4 41.Qxd4 Qh7 42.Nf4 Rgf8 43.Rxc7 Rxc7
44.Rxc7 Qxc7 45.Ng6+ Kg7 46.Nxf8 Qb7+ 47.f3 Kxf8 48.Qd8+ Kg7 49.Qf6+ Kh7
50.Qxe6 b4 51.Qf5+ Kg7 52.e6 Qa6 53.Qe5+ Kf8 54.Qf6+ Kg8 55.Qg6+ Kh8 56.Qxh6+ Kg8
57.Qg5+ Kh7 58.Qf5+ Kg8 59.e7 Qc6 60.Qe4 Qe8 61.h5  1-0

[Event "9th Niki Open"]
[Site "Nachod CZE"]
[Date "2011.07.02"]
[Round "1.11"]
[White "Adamek,J"]
[Black "Molnar,Ji"]
[Result "1-0"]
[WhiteElo "2289"]
[BlackElo "1890"]

1.d4 e6 2.c4 d5 3.Nf3 Nf6 4.g3 Be7 5.Bg2 O-O 6.O-O c5 7.cxd5 exd5 8.Nc3 Nc6
9.Bg5 Be6 10.dxc5 Bxc5 11.Rc1 Be7 12.Qa4 h6 13.Be3 Qa5 14.Rfd1 Qxa4 15.Nxa4 Ne4
16.Nd4 Nxd4 17.Rxd4 Bf6 18.Rb4 b6 19.f3 Nd6 20.Bd4 Be7 21.Rb3 Rac8 22.Rbc3 Rc4
23.Rxc4 dxc4 24.Nc3 a6 25.e4 b5 26.f4 b4 27.f5 Nxf5 28.exf5 Bxf5 29.Nd5 Bg5
30.Be3 Bxe3+ 31.Nxe3 Be6 32.Nxc4 Rc8 33.Bf1 a5 34.Kf2 a4 35.Rc2 Rc5 36.Bd3 g6
37.Be2 Bf5 38.Rd2 Bb1 39.a3 bxa3 40.Nxa3 Kg7 41.Bb5 g5 42.Bxa4 h5 43.Nxb1  1-0

[Event "ch-NOR"]
[Site "Oslo NOR"]
[Date "2011.07.02"]
[Round "1"]
[White "Elsness,F"]
[Black "Kovachev,D"]
[Result "0-1"]
[WhiteElo "2485"]
[BlackElo "2315"]

1.d4 d5 2.c4 e6 3.Nf3 Be7 4.g3 Nf6 5.Bg2 O-O 6.O-O dxc4 7.Qc2 a6 8.Qxc4 b5
9.Qc2 Bb7 10.Bd2 Bd6 11.Re1 Be4 12.Qc1 Qe7 13.Bg5 Nbd7 14.Nc3 Bb7 15.e4 b4
16.Na4 e5 17.Nh4 Rfe8 18.Nf5 Qf8 19.d5 Kh8 20.Bh3 h6 21.Bd2 Rec8 22.Be3 c6
23.Nxd6 Qxd6 24.Nc5 Rab8 25.Rd1 cxd5 26.Nxb7 Qe7 27.Qd2 Rxb7 28.exd5 Qd6
29.Rac1 Rxc1 30.Rxc1 Qxd5 31.Bxh6 Qxd2 32.Bxd2 a5 33.Rc8+ Kh7 34.Bg2 e4 35.Rc4 Ne5
36.Rxe4 Rd7 37.Re2 Nc4 38.Be1 Rd1 39.f3 Nxb2 40.Kf2 Nd3+ 41.Kf1 a4 42.Bh3 g6  0-1

[Event "39th World Open"]
[Site "Philadelphia USA"]
[Date "2011.07.02"]
[Round "5"]
[White "Tuhrim,R"]
[Black "Sharevich,A"]
[Result "1/2-1/2"]
[WhiteElo "2173"]
[BlackElo "2378"]

1.d4 d5 2.c4 e6 3.Nf3 Be7 4.g3 Nf6 5.Bg2 O-O 6.O-O dxc4 7.Qc2 a6 8.Qxc4 b5
9.Qc2 Bb7 10.Bd2 Be4 11.Qc1 Nbd7 12.Ba5 Bd6 13.Nbd2 Bb7 14.Rd1 Qc8 15.Nb3 Ne4
16.Nfd2 Nxd2 17.Qxd2 Bxg2 18.Kxg2 Qb7+ 19.Kg1 e5 20.Rac1  1/2-1/2